<?xml version="1.0" encoding="UTF-8"?>
<record
    xmlns:xsi="http://www.w3.org/2001/XMLSchema-instance"
    xsi:schemaLocation="http://www.loc.gov/MARC21/slim http://www.loc.gov/standards/marcxml/schema/MARC21slim.xsd"
    xmlns="http://www.loc.gov/MARC21/slim">

  <leader>01817nam a22002177a 4500</leader>
  <controlfield tag="003">IT-MiCISF</controlfield>
  <controlfield tag="005">20241108103300.0</controlfield>
  <controlfield tag="008">170530b        xxu||||| |||| 00| 0 eng d</controlfield>
  <datafield tag="040" ind1=" " ind2=" ">
    <subfield code="c">IT-MiCISF</subfield>
  </datafield>
  <datafield tag="041" ind1=" " ind2=" ">
    <subfield code="a">it</subfield>
  </datafield>
  <datafield tag="100" ind1=" " ind2=" ">
    <subfield code="a">Luberti Roberta, Grappolini Caterina (a cura di)</subfield>
    <subfield code="9">56492</subfield>
  </datafield>
  <datafield tag="245" ind1=" " ind2=" ">
    <subfield code="a">Violenza assistita, separazioni traumatiche, maltrattamenti multipli.</subfield>
    <subfield code="b">Percorsi di protezione e di cura con bambini e adulti</subfield>
  </datafield>
  <datafield tag="260" ind1=" " ind2=" ">
    <subfield code="a">Trento,</subfield>
    <subfield code="b">Erickson,</subfield>
    <subfield code="c">2017</subfield>
  </datafield>
  <datafield tag="300" ind1=" " ind2=" ">
    <subfield code="a">pp. 378</subfield>
  </datafield>
  <datafield tag="500" ind1=" " ind2=" ">
    <subfield code="a">abuso-di-minore, violenza-in-famiglia, abuso-sessuale, adolescenza, terapia, nuovi-media, tecniche-terapeutiche, case-studies</subfield>
  </datafield>
  <datafield tag="520" ind1=" " ind2=" ">
    <subfield code="a">Separazioni conflittuali, violenza domestica assistita, perdite familiari sono eventi complessi e difficilmente elaborabili senza il supporto di un intervento psicoterapeutico mirato. Il libro affronta questo genere di fenomeni partendo proprio dalla loro definizione concettuale, per poi disegnare una &#xAB;mappa&#xBB; della diffusione della cultura sulla cura del trauma in Italia, con un&#x2019;attenzione specifica alla presa in carico delle vittime, sia adulti che minori. Vengono inoltre presentati percorsi riparativi, focalizzati prevalentemente sulla sintomatologia e gli effetti post-traumatici, a breve e a lungo termine, e alla prevenzione del ciclo intergenerazionale della violenza, illustrando le possibili terapie, soffermandosi nel dettaglio sull&#x2019;approccio EMDR (Eye Movement Desensitization and Reprocessing).</subfield>
  </datafield>
  <datafield tag="650" ind1=" " ind2=" ">
    <subfield code="a">maltrattamenti-violenza</subfield>
    <subfield code="9">56175</subfield>
  </datafield>
  <datafield tag="654" ind1=" " ind2=" ">
    <subfield code="a">saggio</subfield>
  </datafield>
  <datafield tag="700" ind1=" " ind2=" ">
    <subfield code="a"> Agosti S., Apollonio M.G., Crisma M., Fernandez I., Ghezzi D.,</subfield>
    <subfield code="a">Giolito M.R., Giordano M., Giovanelli C., Giovanozzi G., Giuliani C., </subfield>
    <subfield code="a">Grappolini C., Luberti R., Malacrea M., Patti M.S., Rangone G., Seassaro U., </subfield>
    <subfield code="a">Soavi G., Zaccagnini E.</subfield>
    <subfield code="9">56493</subfield>
  </datafield>
  <datafield tag="942" ind1=" " ind2=" ">
    <subfield code="2">ddc</subfield>
    <subfield code="c">BK</subfield>
  </datafield>
  <datafield tag="999" ind1=" " ind2=" ">
    <subfield code="c">336698</subfield>
    <subfield code="d">336698</subfield>
  </datafield>
  <datafield tag="952" ind1=" " ind2=" ">
    <subfield code="0">0</subfield>
    <subfield code="1">0</subfield>
    <subfield code="2">ddc</subfield>
    <subfield code="4">0</subfield>
    <subfield code="6">B_7340_000000000000000</subfield>
    <subfield code="7">1</subfield>
    <subfield code="a">CISF</subfield>
    <subfield code="b">CISF</subfield>
    <subfield code="d">2017-05-30</subfield>
    <subfield code="l">0</subfield>
    <subfield code="o">b7340</subfield>
    <subfield code="p">9788859012528</subfield>
    <subfield code="r">2017-05-30 00:00:00</subfield>
    <subfield code="w">2017-05-30</subfield>
    <subfield code="y">BK</subfield>
  </datafield>
</record>
